| 000 | 00607nam a22001817a 4500 | ||
|---|---|---|---|
| 003 | BD-DhUL | ||
| 005 | 20190908140928.0 | ||
| 008 | 190324s1955 pk ||||| |||| 00| 0 urd d | ||
| 040 |
_aBD-DhUL _cBD-DhUL |
||
| 082 |
_a891.4309 _bWAB |
||
| 100 | 3 | _aوفا راشدی۔ | |
| 245 | 0 | 0 |
_aبنگال میں اردو : _cوفا راشدی۔ _bازابتداتا / |
| 246 | _aBengāl mein Urdū | ||
| 260 |
_aحيدراباد (پاکستان) : _bمکتبه اشاعت اردو، _c۔۱۹۵۵ |
||
| 300 |
_aص۔ ۲۹۶ ؛ _c۱۸ سم۔ |
||
| 650 | 4 |
_aUrdu literature _vHistory and criticism. |
|
| 942 |
_2ddc _cBK |
||
| 999 |
_c246753 _d246753 |
||